Možnosti obmedzenia separácie enantiomérov v potravinových matriciach dizertačná práca

Salvato in:
Dettagli Bibliografici
Autore principale: Pažitná, Alexandra
Natura: Libro
Lingua:slovacco
Pubblicazione: Bratislava STU FCHPT 2014
Accesso online:Visualizza in OPAC
Tags: Aggiungi Tag
Nessun Tag, puoi essere il primo ad aggiungerne!!

MARC

LEADER 00000nam a2200000 a 4500
005 20260127134235.0
008 160225 2014 000 0 slo d
035 |a vtls011507983 
039 9 |a 201602251022  |b mschk02  |y 201602251014  |z mschk02 
040 |a STUSCHK1  |b slo  |c STUSCHK1  |e AACR2 
100 1 |a Pažitná, Alexandra 
245 1 |a Možnosti obmedzenia separácie enantiomérov v potravinových matriciach  |b dizertačná práca  |c Alexandra Pažitná 
260 |a Bratislava  |b STU FCHPT  |c 2014 
300 |a 62 s.  |b il.  |c 24 cm 
500 |a Školiace pracovisko: Odd. analytickej chémie 
910 |a SCHK95 
999 |c 7557  |d 7557